000 00571nam a22002171 4500
003 OSt
005 20170302085933.0
008 000401s1978 sp spa
020 _a84-239-0299-4
035 _a(OCoLC)433270613
040 _aSpMaBN
_cBMC
082 _a864
100 1 0 _97
_aUnamuno, Miguel de
_d1864-1936
245 1 0 _aMi religión y otros ensayos breves
_cMiguel de Unamuno
250 _a8ª ed
260 0 _aMadrid
_bEspasa-Calpe
_c1978
300 _a152 p.
_c18 cm
490 0 _aAustral
_v299
650 2 4 _928248
_aEnsayos españoles
942 _2ddc
_cBK
999 _c265
_d265